000 00470nam a2200157Ia 4500
008 240729s9999 xx 000 0 und d
022 _a1735-3645
245 0 _aJournal of Applied Fluid Mechanics
260 _aIran, Islamic Republic of
260 _bIsfahan University of Technology
650 _a Mechanical engineering and machinery
650 _aTechnology
856 _uhttps://doaj.org/toc/56c3f8a5c76c4f7995d50ab7b5563eaa
942 _2ddc
942 _cDOAJEJ
999 _c66823
_d66823
945 _a1
_bMadushi Gamage
_c1
_dMadushi Gamage